| 000 | 00584cam a2200229ua 4500 | ||
|---|---|---|---|
| 020 |
_a0-07-096584-6 _c120.00 |
||
| 041 |
_aeng _h |
||
| 082 |
_a620.105 _bSRI/AD |
||
| 100 | _aSreenath, L S . | ||
| 245 |
_aAdvanced mechanics of solids / _cL S Sreenath. _hTextual Documents |
||
| 250 |
_a1 / _b. |
||
| 260 |
_aNew Delhi : _bTata Mc-Graw Hill Publishing Company , _c1980. |
||
| 300 | _a ; . | ||
| 365 | _a120.00 | ||
| 504 | _a | ||
| 942 | _cBK | ||
| 999 |
_c2039 _d2039 |
||